[Event "Manizales Feria op 29th"]
[Site "Manizales"]
[Date "2024.01.07"]
[Round "4"]
[White "Garcia Sanchez, Hernan Andres"]
[Black "Sanchez Ospina, William"]
[Result "0-1"]
[WhiteElo "1600"]
[BlackElo "1415"]
[PlyCount "61"]
[EventDate "2024.01.05"]
[EventType "swiss"]
[EventRounds "7"]
[EventCountry "COL"]
[SourceTitle "CB02_2024"]
[SourceDate "2024.01.10"]
[SourceVersion "1"]
[SourceVersionDate "2024.01.10"]
[SourceQuality "1"]

1. e4 d6 2. Nf3 Nf6 3. Nc3 e5 4. d4 Bg4 5. dxe5 Bxf3 6. Qxf3 dxe5 7. Bg5 Be7 8. Rd1 Nbd7 9. Bc4 c6 10. Qd3 Qc7 11. h3 Rd8 12. Qe2 0-0 13. 0-0 b5 14. Bd3 Nc5 15. a3 a5 16. Qf3 Ne6 17. Bxf6 Bxf6 18. Be2 Nd4 19. Qe3 Nxc2 20. Qc1 Nd4 21. Rfe1 h6 22. Nxb5 Nxe2+ 23. Rxe2 Rxd1+ 24. Qxd1 cxb5 25. Rc2 Rd8 26. Qe2 Qd7 27. Rc5 Qd1+ 28. Qxd1 Rxd1+ 29. Kh2 b4 30. Rxa5 bxa3 31. bxa3 0-1